|
|
|
|
| LEADER |
00000nas a22000007a 4500 |
| 001 |
ssj0017335 |
| 003 |
WaSeSS |
| 005 |
20200512172242.0 |
| 006 |
m d |
| 007 |
cr n |
| 008 |
010809c19869999pauqr pss 0 a0eng c |
| 010 |
|
|
|a 2005213154
|
| 016 |
7 |
|
|a 013013589
|2 Uk
|
| 022 |
|
|
|a 1557-8615
|l 0883-9441
|y 0883-9441
|
| 035 |
|
|
|a (WaSeSS)ssj0017335
|
| 037 |
|
|
|b Elsevier Health Sciences Division, 170 S Independence Mall W 300 E., Philadelphia, PA 19106-3399
|
| 040 |
|
|
|a COU
|b eng
|c COU
|d EYM
|d OCLCQ
|d CUS
|d OCLCQ
|d NSD
|d OCLCQ
|d NSD
|d GUA
|d KSU
|d OCLCQ
|d UKMGB
|d TEF
|d OCLCQ
|d OPELS
|d DLC
|d OCLCF
|d OCLCO
|d OCLCQ
|d OCLCO
|d OCLCQ
|d Z5A
|d OCLCO
|d OCLCA
|d BUF
|d U3W
|d WYU
|d YOU
|d VT2
|d CNTRU
|d WaSeSS
|
| 042 |
|
|
|a pcc
|a nsdp
|
| 050 |
1 |
4 |
|a RC86
|b .J67
|
| 060 |
0 |
0 |
|a W1
|b JO612BG
|
| 082 |
1 |
4 |
|a 616
|2 13
|
| 130 |
0 |
|
|a Journal of critical care (Online)
|
| 210 |
0 |
|
|a J. critical care
|b (Online)
|
| 222 |
|
0 |
|a Journal of critical care
|b (Online)
|
| 245 |
1 |
0 |
|a Journal of critical care
|h [electronic resource].
|
| 246 |
3 |
|
|a J crit care
|
| 260 |
|
|
|a Philadelphia, PA :
|b W.B. Saunders,
|c ©1986-
|
| 310 |
|
|
|a Quarterly
|
| 362 |
1 |
|
|a Print began with v. 1, no. 1 (Mar. 1986).
|
| 500 |
|
|
|a Published: Philadelphia, PA : Elsevier Health Sciences Division, <2005->
|
| 506 |
|
|
|a License restrictions may limit access.
|
| 588 |
|
|
|a Description based on: Vol. 15, Issue 1 (Mar. 2000); title from banner (Elsevier Health website, viewed Sept. 12, 2005).
|
| 588 |
|
|
|a Latest issue consulted: Vol. 20, no. 2 (June 2005) (Elsevier Health website, viewed Sept. 12, 2005).
|
| 650 |
|
0 |
|a Critical care medicine
|v Periodicals.
|
| 650 |
|
7 |
|a Critical care medicine.
|2 fast
|0 (OCoLC)fst00883647
|
| 650 |
|
2 |
|a Critical Care
|v Periodicals.
|
| 655 |
|
0 |
|a Electronic journals.
|
| 776 |
0 |
8 |
|i Print version:
|t Journal of critical care
|x 0883-9441
|w (DLC)sn 85007128
|w (OCoLC)12257697
|
| 780 |
0 |
5 |
|t Seminars in anesthesia, perioperative medicine, and pain (Online)
|g 2008
|w (DLC) 2005213161
|w (OCoLC)57448055
|
| 856 |
4 |
0 |
|z Full text available from Research Library: 03/01/2003 to 2 months ago
|u https://search.proquest.com/publication/1226342
|